| 000 | 00568nam a2200181Ia 4500 | ||
|---|---|---|---|
| 003 | IN-BaIIA | ||
| 008 | 211028s9999 xx 000 0 eng d | ||
| 040 | _cIIA Library | ||
| 080 |
_a520.2 _bING-2 |
||
| 245 | 0 |
_aAmateur telescope making _bbook two _cedited by Albert G. Ingalls |
|
| 260 |
_aU S A _bScientific American _c1972 |
||
| 300 | _avi, 650p. | ||
| 500 | _aDonated by Mrs. Bappu | ||
| 650 |
_aAstronomical Telescopes _92016 |
||
| 650 | _aAstronomy and Astrophysics Thesaurus | ||
| 700 | _aIngalls, Albert G ed | ||
| 942 | _cBK | ||
| 999 |
_c7589 _d7589 |
||